[Event "Sachsen-Anhalt-ch op"]
[Site "Magdeburg"]
[Date "2022.11.01"]
[Round "7"]
[White "Roether, Tobias"]
[Black "Voigt, Maik"]
[Result "0-1"]
[WhiteElo "1300"]
[BlackElo "1771"]
[PlyCount "60"]
[EventDate "2022.10.29"]
[EventType "swiss"]
[EventRounds "7"]
[EventCountry "GER"]
[SourceTitle "CBM 211 Extra"]
[Source "ChessBase"]
[SourceDate "2023.01.31"]
[SourceVersion "1"]
[SourceVersionDate "2023.01.31"]
[SourceQuality "1"]

1. e4 c5 2. Nc3 d6 3. f4 Nc6 4. Bb5 Bd7 5. Nf3 a6 6. Bxc6 Bxc6 7. 0-0 g6 8. d3 Bg7 9. Bd2 e6 10. Qe1 Ne7 11. Qg3 Qc7 12. Nh4 f5 13. Nf3 h6 14. Nh4 Rg8 15. Rae1 0-0-0 16. e5 dxe5 17. fxe5 g5 18. Nf3 Ng6 19. h3 Nh4 20. Nxh4 gxh4 21. Qxh4 Bf6 22. Qc4 Rxg2+ 23. Kh1 Rf2+ 24. Ne4 Rxf1+ 25. Rxf1 Bd5 26. Qa4 Bxe5 27. Bxh6 Qh7 28. Bf4 Qxh3+ 29. Kg1 Rg8+ 30. Kf2 Bxf4 0-1

[Event "Sachsen-Anhalt-ch op"]
[Site "Magdeburg"]
[Date "2022.10.29"]
[Round "1"]
[White "Schlosser, Ralph"]
[Black "Roether, Tobias"]
[Result "1-0"]
[WhiteElo "1757"]
[BlackElo "1300"]
[PlyCount "63"]
[EventDate "2022.10.29"]
[EventType "swiss"]
[EventRounds "7"]
[EventCountry "GER"]
[SourceTitle "CBM 211 Extra"]
[Source "ChessBase"]
[SourceDate "2023.01.31"]
[SourceVersion "1"]
[SourceVersionDate "2023.01.31"]
[SourceQuality "1"]

1. e4 d6 2. Nc3 g6 3. f4 Bg7 4. Nf3 Bg4 5. Bc4 Nd7 6. Bxf7+ Kxf7 7. Ng5+ Ke8 8. Qxg4 Ngf6 9. Qe6 Rf8 10. 0-0 Nc5 11. Qc4 h6 12. d4 hxg5 13. fxg5 Nfxe4 14. Rxf8+ Kxf8 15. dxc5 Nxc5 16. Be3 Bxc3 17. Qxc3 Ne4 18. Qh8+ Kf7 19. Rf1+ Ke6 20. Qh3+ Ke5 21. Bf4+ Kd5 22. Qd3+ Kc6 23. Qxe4+ d5 24. Qxg6+ Kd7 25. Qf5+ e6 26. Qf7+ Qe7 27. Qxe7+ Kxe7 28. Be5 Rg8 29. h4 c6 30. Kh2 Rf8 31. Rxf8 Kxf8 32. g6 1-0